000 00500nam a2200181Ia 4500
005 20250508162123.0
008 008 250505s9999 xx 000 0 hin d
037 _aTextual
040 _aFEDL
_beng
_cFEDL
041 _ahin
_2eng
084 _a491.4307, SHA
_qFEDL
100 _aSharma Rama Sankar
_9772355
245 0 _aBhasha shikshan-sutra
260 _aKanpur, India
_bSahitya Niketan
_c1959
300 _a120p.
942 _cTEXL
_h491.4307, SHA
999 _c1374501
_d1374501